<?xml version="1.0" encoding="UTF-8"?>
<record
    xmlns:xsi="http://www.w3.org/2001/XMLSchema-instance"
    xsi:schemaLocation="http://www.loc.gov/MARC21/slim http://www.loc.gov/standards/marcxml/schema/MARC21slim.xsd"
    xmlns="http://www.loc.gov/MARC21/slim">

  <leader>00196nam a2200085   4500</leader>
  <controlfield tag="001">1255176</controlfield>
  <controlfield tag="005">20251205141046.0</controlfield>
  <datafield tag="245" ind1=" " ind2=" ">
    <subfield code="a">MASALLAR VE KURGU MASALLAR</subfield>
    <subfield code="c">G&#x130;ANN&#x130; RODAR&#x130;</subfield>
  </datafield>
  <datafield tag="260" ind1=" " ind2=" ">
    <subfield code="b">CAN &#xC7;OCUK</subfield>
  </datafield>
  <datafield tag="999" ind1=" " ind2=" ">
    <subfield code="c">1255176</subfield>
    <subfield code="d">1255176</subfield>
  </datafield>
  <datafield tag="952" ind1=" " ind2=" ">
    <subfield code="0">0</subfield>
    <subfield code="1">0</subfield>
    <subfield code="2">ddc</subfield>
    <subfield code="4">0</subfield>
    <subfield code="7">0</subfield>
    <subfield code="a">1054</subfield>
    <subfield code="b">1054</subfield>
    <subfield code="d">2025-12-05</subfield>
    <subfield code="l">1</subfield>
    <subfield code="o">&#xD6;5</subfield>
    <subfield code="p">10543454</subfield>
    <subfield code="r">2026-01-19 14:49:28</subfield>
    <subfield code="s">2025-12-05</subfield>
    <subfield code="w">2025-12-05</subfield>
    <subfield code="y">BK</subfield>
  </datafield>
</record>
